Fundamental english course for beginners nouns

Bibliographic Details
Main Author: Milon Nandy
Format: Book
Published: Kuala Lumpur : Buku MUST , 2004
Subjects:

MARC

LEADER 00000cam a2200000 7i4500
001 0000004146
005 20151222.0
008 070725
020 |a 9838474843 
090 0 0 |a JF   |b EDU ENG (5144) 
100 0 |a Milon Nandy 
245 1 0 |a Fundamental english course for beginners nouns 
260 |a Kuala Lumpur :   |b Buku MUST ,   |c 2004 
500 |a Children ages 7-9 years old (orange) 
650 0 |a English fiction   |x Education 
999 |a 0000970979   |b Book   |c Children Collection   |e Perbadanan Perpustakaan Awam Johor 
999 |a 0000970980   |b Book   |c Children Collection   |e Perbadanan Perpustakaan Awam Johor 
999 |a 0000970981   |b Book   |c Children Collection   |e Cawangan Muar 
999 |a 0000970982   |b Book   |c Children Collection   |e Perbadanan Perpustakaan Awam Johor 
999 |a 0000970983   |b Book   |c Children Collection   |e Perbadanan Perpustakaan Awam Johor